| 000 | 00910nam a2200289 u 4500 | ||
|---|---|---|---|
| 001 | 000003180 | ||
| 003 | DO-SdBNP | ||
| 005 | 20220222124522.0 | ||
| 007 | ta | ||
| 008 | 090707s1975 dr a e 001 0 spa d | ||
| 020 | _a8439939329 | ||
| 020 | _a9788439939320 | ||
| 040 |
_aDO-SdBNP _bspa _cBNPHU |
||
| 082 |
_a338.4791 _bM669t _222 |
||
| 100 |
_aMiolán, Ángel, _943877 _d1912-2010 |
||
| 245 | 1 | 0 |
_aTurismo : nuestra industria sin chimeneas / _cAngel Miolán |
| 260 |
_aMadrid, España : _bLetras de Quisquella, _c1975. |
||
| 300 |
_a259 p. : _bil. ; _c22 cm. |
||
| 490 | 1 |
_aPolonia _v7 |
|
| 500 | _aIncluye referencias bibliográficas y notas al pie de las páginas. | ||
| 504 | _aBibliografía : p. 255-259. | ||
| 590 | _aInventariado, 2018 / DG | ||
| 650 | 4 |
_aTurismo _zRepública Dominicana _98433 |
|
| 830 | 0 |
_aPolonia _v7 _910048 |
|
| 910 | _aValidado. Control de calidad MFF | ||
| 942 |
_2ddc _cLBS1 |
||
| 999 |
_c3011 _d3011 |
||